World Capitals by Random Country Flags - Statistics

General Stats
  • This quiz has been taken 44 times
  • The average score is 16 of 20
Answer Stats
Picture Answer % Correct
Abu Dhabi
100%
Accra
100%
Algiers
100%
Amsterdam
100%
Andorra la Vella
100%
Ankara
100%
Antananarivo
100%
Ashgabat
100%
Astana
100%
Asuncion
100%
Athens
100%
Bandar Seri Begawan
100%
Bangui
100%
Beijing
100%
Belgrade
100%
Bloemfontein/Cape Town/Pretoria
100%
Bogota
100%
Brussels
100%
Buenos Aires
100%
Cairo
100%
Canberra
100%
Chisinau
100%
Copenhagen
100%
Dakar
100%
Damascus
100%
Dhaka
100%
Doha
100%
Dushanbe
100%
Funafuti
100%
Georgetown
100%
Hanoi
100%
Havana
100%
Helsinki
100%
Jakarta
100%
Jerusalem
100%
Kabul
100%
Kathmandu
100%
Khartoum
100%
Kinshasa
100%
Kuala Lumpur
100%
Kuwait City
100%
Libreville
100%
Lima
100%
London
100%
Luanda
100%
Lusaka
100%
Madrid
100%
Male
100%
Manila
100%
Mexico City
100%
Minsk
100%
Mogadishu
100%
Moroni
100%
Moscow
100%
Nairobi
100%
Nassau
100%
Ngerulmud
100%
Niamey
100%
Nicosia
100%
Oslo
100%
Paramaribo
100%
Paris
100%
Phnom Penh
100%
Port Louis
100%
Porto-Novo/Cotonou
100%
Pristina
100%
Rabat
100%
Riga
100%
Rome
100%
San Salvador
100%
Santiago
100%
Santo Domingo
100%
Sarajevo
100%
Seoul
100%
Singapore
100%
Skopje
100%
Sofia
100%
South Tarawa
100%
Stockholm
100%
Sucre/La Paz
100%
Suva
100%
Tallinn
100%
Tashkent
100%
Tbilisi
100%
Tehran
100%
Thimphu
100%
Tokyo
100%
Vaduz
100%
Valletta
100%
Vienna
100%
Vientiane
100%
Washington D.C.
100%
Yaounde
100%
Zagreb
100%
Tegucigalpa
86%
Caracas
83%
Maseru
83%
N'Djamena
83%
Riyadh
83%
Sana'a
83%
Warsaw
83%
Addis Ababa
80%
Brasilia
80%
Dublin
80%
Islamabad
80%
Ulaanbaatar
80%
Bangkok
78%
Bamako
75%
Bucharest
75%
Budapest
75%
Ouagadougou
75%
Palikir
75%
Port of Spain
75%
Pyongyang
75%
Tripoli
75%
Vilnius
75%
Yamoussoukro
75%
Abuja
67%
Apia
67%
Belmopan
67%
Bern
67%
Bishkek
67%
Bridgetown
67%
Conakry
67%
Guatemala City
67%
Kiev
67%
Kigali
67%
Kingston
67%
Lisbon
67%
Ljubljana
67%
Luxembourg City
67%
Majuro
67%
Managua
67%
Monaco
67%
Monrovia
67%
Ottawa
67%
Podgorica
67%
Prague
67%
Reykjavik
67%
San Jose
67%
Sao Tome
67%
St. John's
67%
Taipei
67%
Tunis
67%
Vatican City
67%
Victoria
67%
Wellington
67%
Windhoek
67%
Yerevan
67%
Nouakchott
60%
Quito
60%
Amman
50%
Bissau
50%
Bratislava
50%
Castries
50%
Djibouti
50%
Gaborone
50%
Honiara
50%
Juba
50%
Lilongwe
50%
Malabo
50%
Manama
50%
Mbabane
50%
Montevideo
50%
Port Moresby
50%
Port Vila
50%
Praia
50%
Roseau
50%
San Marino
50%
Sri Jayawardenepura Kotte
50%
St. George's
50%
Tirana
50%
Naypyidaw
40%
Yaren
40%
Banjul
33%
Brazzaville
33%
Dodoma
33%
Freetown
33%
Gitega
33%
Lome
33%
Panama City
33%
Port-au-Prince
33%
Maputo
25%
Asmara
0%
Baghdad
0%
Baku
0%
Basseterre
0%
Beirut
0%
Berlin
0%
Dili
0%
Harare
0%
Kampala
0%
Kingstown
0%
Muscat
0%
New Delhi
0%
Nukuʻalofa
0%
No matching quizzes found
Score Distribution
Percent of People with Each Score
Percentile by Number Answered
Your Score History
You have not taken this quiz